Eurofound yearbook 2015: living and working in Europe

Enregistré dans:
Détails bibliographiques
Collectivité auteur: European Foundation for the Improvement of Living and Working Conditions - Eurofound
Format: Livre
Langue:anglais
Publié: Luxembourg Publications Office of the European Union 2016
Sujets:
Tags: Ajouter un tag
Pas de tags, Soyez le premier à ajouter un tag!

MARC

LEADER 00000nam a2200000 4500
001 0220135
005 20221107100917.5
020 |a 978-92-897-1472-3 
022 |a 2363-0299 
041 0 |a eng 
044 |a LU 
245 1 0 |a Eurofound yearbook 2015: living and working in Europe 
264 1 |a Luxembourg  |b Publications Office of the European Union  |c 2016 
300 |a 91 s. 
610 2 0 |a úroveň životná 
610 2 0 |a kvalita života 
610 2 0 |a zamestnanosť 
610 2 0 |a trh práce 
610 2 0 |a podnik malý 
610 2 0 |a podnik stredný 
610 2 0 |a mládež 
610 2 0 |a podmienky pracovné 
610 2 0 |a rovnosť rodová 
610 2 0 |a migrácia 
610 2 0 |a príjmy 
610 2 0 |a Európa 
610 2 0 |a Európska únia 
710 2 |a European Foundation for the Improvement of Living and Working Conditions - Eurofound